| 000 | 00737nam a2200265Ia 4500 | ||
|---|---|---|---|
| 001 | Para_7073 | ||
| 003 | CHAP | ||
| 008 | 220125s1985 xx 000 0 und d | ||
| 010 | _a205896 | ||
| 040 | _cCHAP | ||
| 082 | _aPA 632.96 D4y | ||
| 100 |
_aDebach, Paul _931455 |
||
| 245 |
_aControl biológico de las plagas de insectos y malas hierbas / _c por Paul Debach |
||
| 260 |
_aMéxico, D.F. : _b CECSA |
||
| 300 | _a949 p. | ||
| 650 |
_aControl biológico de malas hierbas _927584 |
||
| 650 |
_aControl biológico de plagas _927587 |
||
| 901 | _aPA 632.96 D4Y | ||
| 902 | _aA | ||
| 905 | _a0000001985 a 0000000000 00 | ||
| 910 | _a1985 | ||
| 942 | _cPARA | ||
| 942 |
_cPARA _d1 |
||
| 999 |
_c205896 _d205896 |
||